African cities Extreme - Sudden Death - Statistics

General Stats
  • This quiz has been taken 40 times
  • The average score is 10 of 15
Answers on the Grid
Answers color-coded by a green-red scale on the quiz's grid according to % correct below.
Port Hatcourt
Isfahan
Kumasi
Gaziantep
Oran
Omdurman
Dammam
Suez
Lubumbashi
Port Vila
Port Louis
Namur
Albacete
Kandahar
Durban
Yoshkar Ola
Bangui
Bandung
Banjul
Bissau
Pecs
Urumqi
Tangier
Ceuta
Guayaquil
Peshawar
Porto Novo
Praia
Latakia
Budva
 
Answer Stats
Answer % Correct
Bissau
86%
Lubumbashi
77%
Porto Novo
77%
Tangier
77%
Bangui
74%
Banjul
74%
Durban
74%
Suez
74%
Praia
71%
Ceuta
69%
Port Louis
69%
Kumasi
63%
Oran
63%
Port Hatcourt
49%
Omdurman
46%
No matching quizzes found
Score Distribution
Percent of People with Each Score
Percentile by Number Answered
Your Score History
You have not taken this quiz